| 000 | 00505nam a2200217Ia 4500 | ||
|---|---|---|---|
| 005 | 20250425162532.0 | ||
| 008 | 250425s9999 xx 000 0 und d | ||
| 041 | _aspa | ||
| 082 | _a512.943 | ||
| 100 | _aBRICKELL, F. | ||
| 245 | 0 | _aMATRICES Y ESPACIOS VECTORIALES | |
| 250 | _a1A ED. | ||
| 260 | _aMEXICO | ||
| 260 |
_aMéxico _bLIMUSA _c1974 |
||
| 300 | _a115 | ||
| 500 | _aLIBRO POR DR. BARCIA | ||
| 650 | _aESPACIOS VECTORIALES | ||
| 650 | _aMATRICES | ||
| 942 | _c01 | ||
| 010 | _a83511 | ||
| 999 |
_c231222 _d231222 |
||